Online
Catalog

Temas literarios / (Record no. 8160)

MARC details
000 -CABECERA
campo de control de longitud fija 02273nam a2200337 i 4500
001 - NÚMERO DE CONTROL
campo de control 000008389
003 - IDENTIFICADOR DEL NÚMERO DE CONTROL
campo de control DO-SdBNP
005 - FECHA Y HORA DE LA ÚLTIMA TRANSACCIÓN
campo de control 20260526095509.0
007 - CAMPO FIJO DE DESCRIPCIÓN FÍSICA--INFORMACIÓN GENERAL
campo de control de longitud fija ta
008 - DATOS DE LONGITUD FIJA--INFORMACIÓN GENERAL
campo de control de longitud fija 090916t2000 dr 001 e spa d
020 ## - NÚMERO INTERNACIONAL ESTÁNDAR DEL LIBRO
Número Internacional Estándar del Libro 9993481947
040 ## - FUENTE DE LA CATALOGACIÓN
Centro catalogador/agencia de origen DO-SdBNP
Lengua de catalogación spa
Centro/agencia transcriptor BNPHU
Normas de descripción rda
041 ## - CÓDIGO DE LENGUA
Código de lengua del texto/banda sonora o título independiente spa
049 ## - FONDOS LOCALES (OCLC)
Fondos de biblioteca BNPD
082 #4 - NÚMERO DE LA CLASIFICACIÓN DECIMAL DEWEY
Número de clasificación RD864.4408
Número de documento/Ítem T278l
Número de edición 22
245 00 - MENCIÓN DE TÍTULO
Título Temas literarios /
Mención de responsabilidad, etc. editora, Irene Pérez Guerra ; cuidado de edición, José Chez Checo.
264 #4 - PRODUCCIÓN, PUBLICACIÓN, DISTRIBUCIÓN, FABRICACIÓN Y COPYRIGHT
Producción, publicación, distribución, fabricación y copyright Santo Domingo :
Nombre del de productor, editor, distribuidor, fabricante Patronato de la Ciudad Colonial de Santo Domingo :
-- Centro de Altos Estudios Humanísticos y del Idioma Español,
Fecha de producción, publicación, distribución, fabricación o copyright ©2000.
300 ## - DESCRIPCIÓN FÍSICA
Extensión 234 páginas ;
Dimensiones 23 cm.
336 ## - TIPO DE CONTENIDO
Término de tipo de contenido texto
Código de tipo de contenido txt
Fuente rdacontent
337 ## - TIPO DE MEDIO
Nombre/término del tipo de medio sin mediación
Código del tipo de medio n
Fuente rdamedia
338 ## - TIPO DE SOPORTE
Nombre/término del tipo de soporte volumen
Código del tipo de soporte nc
Fuente rdacarrier
500 ## - NOTA GENERAL
Nota general Incluye índice temático, toponímico y onomástico.
505 0# - NOTA DE CONTENIDO CON FORMATO
Nota de contenido con formato Presentación /
Mención de responsabilidad Consejo académico del Centro de Altos Estudios Humanísticos y del Idioma Español --
Título Introducción /
Mención de responsabilidad Irene Pérez Guerra --
Título La literatura de las Antillas Holandesas dentro del marco de la literatura del Caribe /
Mención de responsabilidad Ramón Todd Dandaré --
Título Las últimas horas de García Lorca /
Mención de responsabilidad Mariano Lebrón Saviñón --
Título Panorama de la poesía actual en la República Dominicana /
Mención de responsabilidad Víctor Villegas --
Título La poesía de Tony Raful y el lirísmo como centro de la producción poética /
Mención de responsabilidad Mateo Morrison --
Título El problema de los universales en la literatura dominicana /
Mención de responsabilidad Andrés L. Mateo --
Título Franklin Mieses Burgos, una cumbre de la poesía universal /
Mención de responsabilidad León David --
Título Salomé Ureña, una desmitificación necesaria /
Mención de responsabilidad Sherezada Vicioso (Chiqui) --
Título La generación del 80: una visión crítica /
Mención de responsabilidad José Mármol --
Título Pedro Henríquez Ureña : su relación con Jorge Luís Borges y Alfonso Reyes /
Mención de responsabilidad Juan Salvador Tavárez --
Título La mujer en relación con la creación literaria y su entorno /
Mención de responsabilidad Pepa Acevedo --
Información miscelánea Índice temático --
-- Índice toponímico --
-- Índice onomástico .
590 ## - NOTA LOCAL (RLIN)
Nota local Inventariado, 2024/DG
650 #4 - PUNTO DE ACCESO ADICIONAL DE MATERIA--TÉRMINO DE MATERIA
Término de materia o nombre geográfico como elemento de entrada Ensayos dominicanos
Subdivisión general Colecciones
9 (RLIN) 22619
650 #4 - PUNTO DE ACCESO ADICIONAL DE MATERIA--TÉRMINO DE MATERIA
Término de materia o nombre geográfico como elemento de entrada Literatura dominicana
Subdivisión general Colecciones
9 (RLIN) 352
700 1# - PUNTO DE ACCESO ADICIONAL--NOMBRE DE PERSONA
Nombre de persona Pérez Guerra, Irene,
Término indicativo de función/relación editor
Código de función/relación ed.
9 (RLIN) 19025
700 1# - PUNTO DE ACCESO ADICIONAL--NOMBRE DE PERSONA
Nombre de persona Chez Checo, José,
Fechas asociadas al nombre 1949-
Término indicativo de función/relación editor
Código de función/relación ed.
9 (RLIN) 10145
910 ## - DATOS DE OPCIÓN DEL USUARIO (OCLC)
Datos de opción del usuario Validado. Control de calidad EMS.
942 ## - ELEMENTOS DE PUNTO DE ACCESO ADICIONAL (KOHA)
Fuente del sistema de clasificación o colocación Dewey Decimal Classification
Tipo de ítem Koha Libro
Holdings
Estado de retiro Estado de pérdida Fuente del sistema de clasificación o colocación Restricciones de uso No para préstamo Código de colección Localización permanente Ubicación/localización actual Ubicación en estantería Fecha de adquisición Total de préstamos Signatura topográfica completa Código de barras Fecha visto por última vez Número de copia Precio válido a partir de Tipo de ítem Koha Fuente de adquisición Nota pública
    Dewey Decimal Classification Préstamo en sala   Dominicana de Servicio Biblioteca Nacional Pedro Henríquez Ureña Biblioteca Nacional Pedro Henríquez Ureña Depósito 16.09.2009   BNPHU DS RD864.4408 T278l 8389-30 25.06.2020 e. 3 25.06.2020 Libro    
    Dewey Decimal Classification Excluido de préstamo   Patrimonio Dominicano Biblioteca Nacional Pedro Henríquez Ureña Biblioteca Nacional Pedro Henríquez Ureña Depósito 16.09.2009   BNPHU DS RD864.4408 T278l 8389-10 25.06.2020   25.06.2020 Libro    
    Dewey Decimal Classification Excluido de préstamo   Patrimonio Dominicano Biblioteca Nacional Pedro Henríquez Ureña Biblioteca Nacional Pedro Henríquez Ureña Depósito 16.09.2009   BNPHU PD RD864.4408 T278l 8389-20 25.06.2020 e. 2 25.06.2020 Libro    
    Dewey Decimal Classification Préstamo en sala   Dominicana de Servicio Biblioteca Nacional Pedro Henríquez Ureña Biblioteca Nacional Pedro Henríquez Ureña Depósito 06.11.2024   BNPHU DS RD864.4408 T278l 2024-6334 06.11.2024 e.4 06.11.2024 Libro Donado por la Presidencia de la República Dominicana 2023 Pertenecio a la biblioteca personal de Emilio Cordero Michel.

Powered by Koha